RICS CPD Consultation Document (Record no. 121919)
[ view plain ]
| 000 -LEADER | |
|---|---|
| fixed length control field | 01728nam a22002417a 4500 |
| 008 - FIXED-LENGTH DATA ELEMENTS--GENERAL INFORMATION | |
| fixed length control field | 240042t2024 xxk|||||o|||| 00| 0 eng d |
| 041 ## - LANGUAGE CODE | |
| Language code of text/sound track or separate title | eng |
| 110 ## - MAIN ENTRY--CORPORATE NAME | |
| Corporate author | Royal Institution of Chartered Surveyors |
| 245 ## - TITLE STATEMENT | |
| Title | RICS CPD Consultation Document |
| Medium | [Electronic resource] |
| 260 ## - PUBLICATION INFORMATION | |
| Place of publication | London, |
| Publisher | Royal Institution of Chartered Surveyors, |
| Date | April 2024 |
| 300 ## - PHYSICAL DESCRIPTION | |
| Physical description | 13p. |
| 490 ## - SERIES TITLE | |
| Series statement | RICS Consultation |
| 520 ## - ABSTRACT | |
| Abstract | Seeking views and perspective on a proposed revised CPD framework for RICS members which we believe brings the profession more in line with other similar professions worldwide. This consultation is open to RICS members and non-members globally. Responses to this consultation will be shared with the RICS CPD Framework Steering Group and the Standards and Regulation Board for consideration before any final recommendations for change are made and approved by the Board. Consultation opened 25 April 2024 closed 18 July 2024. <br/><br/>An April 2025 proposal on a new CPD framework was approved in May 2025 <br/> |
| 650 ## - KEYWORDS | |
| Keywords | CONTINUING PROFESSIONAL DEVELOPMENT |
| 650 ## - KEYWORDS | |
| Keywords | SURVEYING PROFESSION |
| 651 ## - SUBJECT ADDED ENTRY--GEOGRAPHIC NAME | |
| Geographic name | International |
| 690 ## - BROAD SUBJECT | |
| Broad subject | RICS |
| 9 (RLIN) | 6277 |
| 710 ## - ADDED CORPORATE NAME | |
| Added corporate author | Royal Institution of Chartered Surveyors |
| 856 ## - ONLINE RESOURCE | |
| Uniform Resource Identifier | <a href="https://consultations.rics.org/gf2.ti/-/1625314/205326693.1/PDF/-/CPD%20consultation%20document%20April%202024.pdf">https://consultations.rics.org/gf2.ti/-/1625314/205326693.1/PDF/-/CPD%20consultation%20document%20April%202024.pdf</a> |
| Public note | View the consultation document on RICS.org |
| 856 ## - ONLINE RESOURCE | |
| Uniform Resource Identifier | <a href="https://consultations.rics.org/CPD_consultation_2024/consultationHome">https://consultations.rics.org/CPD_consultation_2024/consultationHome</a> |
| Public note | View the RICS iConsult homepage on DCF |
| 856 ## - ONLINE RESOURCE | |
| Uniform Resource Identifier | <a href="https://www.rics.org/news-insights/whats-new-in-rics-cpd-framework-rics-announces-cpd-framework-updates">https://www.rics.org/news-insights/whats-new-in-rics-cpd-framework-rics-announces-cpd-framework-updates</a> |
| Public note | RICS response to consultation on proposed revised CPD Framework May 2025 |
| 942 ## - ADDED ENTRY ELEMENTS (KOHA) | |
| Suppress in OPAC | Do not suppress in OPAC |
| Lost status | Damaged status | Not for loan | Current library | Shelving location | Date acquired | Total Checkouts | Full call number | Date last seen | Price effective from | Koha item type |
|---|---|---|---|---|---|---|---|---|---|---|
| Virtual | Online | 25/04/2024 | RICS iConsult | 25/04/2024 | 25/04/2024 | Online material |